ՀՀ Գիտությունների ազգային ակադեմիայի հիմնարար գիտական գրադարան  =   Fundamental Scientific Library of NAS RA

Մարդկության տունը : (Record no. 237713)

MARC details
000 -LEADER
fixed length control field 01575nam a2200289 u 4500
001 - CONTROL NUMBER
control field 000586303
003 - CONTROL NUMBER IDENTIFIER
control field AM-YeHGA
005 - DATE AND TIME OF LATEST TRANSACTION
control field 20250617141403.0
008 - FIXED-LENGTH DATA ELEMENTS--GENERAL INFORMATION
fixed length control field 080618s2008 ai | |||| |0| | arm d
020 ## - INTERNATIONAL STANDARD BOOK NUMBER
Canceled/invalid ISBN 978-5-8084-0975-0
040 ## - CATALOGING SOURCE
Original cataloging agency AM-YeHGA
041 1# - LANGUAGE CODE
Language code of text/sound track or separate title arm
Language code of original eng
090 ## - LOCALLY ASSIGNED LC-TYPE CALL NUMBER (OCLC); LOCAL CALL NUMBER (RLIN)
-- 239284
100 1# - MAIN ENTRY--PERSONAL NAME
Personal name Սարոյան, Վիլյամ Արմենակի,
Dates associated with a name 1908-1981
245 10 - TITLE STATEMENT
Title Մարդկության տունը :
Remainder of title Պատմվածքներ: [Հատվածներ ինքնակենսագրական գրքերից] /
Statement of responsibility, etc. Վ. Սարոյան; Կազմ. և ծանոթագր.՝ Ա. Սարյան; Խմբ.՝ Ա. Հովակիմյան, Գ. Մադոյան; Առաջաբ.՝ Ա.Գ. Սարյան; Նկ.՝ Մ. Մարգարյան.
260 ## - PUBLICATION, DISTRIBUTION, ETC.
Place of publication, distribution, etc. Երևան :
Name of publisher, distributor, etc. Երևանի համալս. հրատ.,
Date of publication, distribution, etc. 2008.
300 ## - PHYSICAL DESCRIPTION
Extent 387 էջ :
Other physical details դիմանկ., կազմի վրա գունանկ. ;
Dimensions 20 սմ.
500 ## - GENERAL NOTE
General note Ծանոթագր.,էջ` 373-384
500 ## - GENERAL NOTE
General note Տողատակի ծանոթագր. հայ., անգլ. լեզուներով
650 14 - SUBJECT ADDED ENTRY--TOPICAL TERM
Topical term or geographic name entry element Ամերիկյան գրականություն
General subdivision Պատմվածք
653 0# - INDEX TERM--UNCONTROLLED
Uncontrolled term Այլալեզու հայ գրողներ
700 1# - ADDED ENTRY--PERSONAL NAME
Personal name Սարյան, Ասատուր Գևորգի,
Dates associated with a name 1969-
Relator term կազմ.
Relationship com
Relator term ծանոթագր.
Relationship cmm
700 1# - ADDED ENTRY--PERSONAL NAME
Personal name Հովակիմյան, Արմեն Էդիկի,
Dates associated with a name 1969-
Relator term խմբ.
Relationship edt
700 1# - ADDED ENTRY--PERSONAL NAME
Personal name Մադոյան, Գևորգ Արշակի
Numeration (կրտսեր),
Dates associated with a name 1969-
Relator term խմբ.
Relationship edt
700 1# - ADDED ENTRY--PERSONAL NAME
Personal name Սարյան, Ասատուր Գևորգի,
Dates associated with a name 1969-
Relator term առաջաբ.
Relationship aui
700 1# - ADDED ENTRY--PERSONAL NAME
Personal name Մարգարյան, Մայիս
Relator term նկ.
Relationship art
Holdings
Withdrawn status Lost status Damaged status Not for loan Collection Home library Current library Date acquired Cost, normal purchase price Shelving control number Total checkouts Full call number Barcode Date last seen Price effective from Koha item type Public note
        General Fundamental Scientific Library Fundamental Scientific Library 28/12/2016 3000.00     AII/95259 FL0149131 28/12/2016 28/12/2016 Գրքեր / Books 30 Days Loan
        General Fundamental Scientific Library Fundamental Scientific Library 28/12/2016 3000.00     AII/95260 FL0149130 28/12/2016 28/12/2016 Գրքեր / Books 30 Days Loan


ՀՀ ԳԱԱ հիմնարար գիտական գրադարան
ՀՀ,Երևան 0019
Մարշալ Բաղրամյան 24/6
հեռախոս:(374-10) 52-47-50
Հետադարձ կապ

All site content, except where otherwise noted, is licensed under a
Creative Commons License